Vista normal Vista MARC

Entrada Corporate Name

Número de registros utilizados en: 1

001 - CONTROL NUMBER

  • control field: 39747

003 - CONTROL NUMBER IDENTIFIER

  • control field: OSt

005 - DATE AND TIME OF LATEST TRANSACTION

  • control field: 20210826163005.0

008 - FIXED-LENGTH DATA ELEMENTS

  • fixed length control field: 210826|| aca||aabn | a|a d

040 ## - CATALOGING SOURCE

  • Original cataloging agency: OSt
  • Transcribing agency: OSt

110 ## - HEADING--CORPORATE NAME

  • Corporate name or jurisdiction name as entry element: Comisión Nacional del Mercado de Valores

670 ## - SOURCE DATA FOUND

  • Source citation: Work cat.: (OSt)8063: 16229, Informe de Gobierno Corporativo de las Entidades Emisoras de Valores admitidos a negociación en mercados secundarios oficiales : , 2005